000 00191 a2200097 4500
020 _a9992461071
041 _aspa
100 _aRuben Dario
245 _a30 Cuentos de Ruben Dario
942 _cBK
999 _c14559
_d14559